| 000 | 00481nam a2200169Ia 4500 | ||
|---|---|---|---|
| 003 | OSt | ||
| 005 | 20250422120554.0 | ||
| 008 | 190216s9999||||xx |||||||||||||| ||und|| | ||
| 040 | _coclc | ||
| 082 |
_a894.812301 _bCHA/S |
||
| 100 |
_aChandramati _97950 |
||
| 245 | 0 |
_aSwayam Swamtham / _cChandramati |
|
| 260 |
_bPrabhath Book House, _aTrivandrum: _c1999. |
||
| 300 | _a135p | ||
| 650 | _aKathakal | ||
| 942 |
_cBK _2ddc _h894.812301 _iCHA/S _k894.812301 _mCHA/S |
||
| 999 |
_c27854 _d27854 |
||